00389nam a22001457a 4500003000500000005001700005008004100022020001800063040000600081082002100087100001600108245007500124260003500199300000900234CEME20210628204008.0210316b xxu||||| |||| 00| 0 eng d a81-224-0372-7 c. a629.132323 YAH'F aYahya, S. M aFundamentals of compresible flow , with aircraft and rocket propulsion aNEW DELHIbWILEY EASTERNc1992 a605P